La tierra y sus límites: geografía física, económica, histórica /

Detalles Bibliográficos
Autor principal: Salvat, Manuel
Formato: Libro
Publicado: Pamplona : Salvat Ediciones, 1967.
Materias:
Etiquetas: Agregar Etiqueta
Sin Etiquetas, Sea el primero en etiquetar este registro!

MARC

LEADER 00000nam a22000004a 4500
001 AR-BbUGT1011
003 AR-BbUGT
005 20181220001511.0
007 ta
008 061101t1967 |||ao |0|||0| d
040 |a AR-BbUGT  |b spa  |c AR-BbUGT 
082 0 4 |a 910 
100 1 |a Salvat, Manuel. 
245 1 3 |a La tierra y sus límites:   |b geografía física, económica, histórica /   |c Manuel Salvat. 
260 |a Pamplona :   |b Salvat Ediciones,   |c 1967. 
300 |a 488 p. :   |b il., fot. 
653 |a Geografía Física 
653 |a Geografía Económica 
653 |a Geografía Historica 
942 |c REF  |h 910  |i SA39  |k C  |2 ddc  |6 910_000000000000000_SA39 
999 |c 8862  |d 8862